| 000 | 00000nam##2200000za#4500 |
| 001 | 9.571340 |
| 003 | CaOODSP |
| 005 | 20210624182657 |
| 007 | cr ||||||||||| |
| 008 | 150406|2005||||xxc|||||o f|0| 0 eng|d |
| 040 | |aCaOODSP|beng |
| 043 | |an-cn--- |
| 086 | 1 |aTU3-5/05-15E-PDF |
| 110 | 2 |aTransportation Safety Board of Canada. |
| 245 | 10|aFailure to remain on the runway (rejected landing), Jetsgo McDonnell Douglas DC-9-83 C-FRYH, Calgary International Airport, Alberta, 20 January 2005 |h[electronic resource] |
| 260 | |aGatineau - Quebec : |bTransportation Safety Board of Canada |c[2005]. |
| 300 | |a11p.|bcoloured figs., references |
| 490 | 1 |aAviation investigation report |vA05W0010 |
| 500 | |a"The Board authorized the release of this report on 05 October 2005."--p.11 of 11. |
| 590 | |a12-19-Supp|b2012-04-30 |
| 775 | 08|tSortie de piste (atterrissage interrompu) du McDonnell Douglas DC-9-83 C-FRYH exploité par Jetsgo à l'aéroport international de Calgary (Alberta), le 20 janvier 2005 |w(CaOODSP)9.601955 |
| 830 | #0|aAviation investigation report ;|vA05W0010|w(CaOODSP)9.504825 |
| 856 | 40|ahttp://publications.gc.ca|qPDF|s202 KB|uhttps://publications.gc.ca/collections/collection_2011/bst-tsb/TU3-5-05-15-eng.pdf|yA05W0010 |